01964nam a22002297a 450000500170000000800410001702000180005804000070007604100120008308200210009510000290011624500150014526000420016030000220020236500530022452011990027765000270147665000300150394200120153399900190154595201700156420260129152524.0220921b ||||| |||| 00| 0 eng d a9781788165921 cAL aEnglish 223bNATBa823.92 aLeonora Nattrass9253186 aBlack Drop aLondonbViper,profile Books Ltdc2021 a337pbPBc23x15cm a4157b₹559.00c₹d₹699.00e20%f10-09-2022 a'Black Drop is a joy from start to finish... Jago is a very sympathetic hero, with all his flaws, virtues and secrets' - ANDREW TAYLOR This is the confession of Laurence Jago. Clerk. Gentleman. Reluctant spy. July 1794, and the streets of London are filled with rumours of revolution. Political radical Thomas Hardy is to go on trial for treason, the war against the French is not going in Britain's favour, and negotiations with the independent American colonies are on a knife edge. Laurence Jago - clerk to the Foreign Office - is ever more reliant on the Black Drop to ease his nightmares. A highly sensitive letter has been leaked to the press, which may lead to the destruction of the British Army, and Laurence is a suspect. Then he discovers the body of a fellow clerk, supposedly a suicide. Blame for the leak is shifted to the dead man, but even as the body is taken to the anatomists, Laurence is certain both of his friend's innocence, and that he was murdered. But after years of hiding his own secrets from his powerful employers, and at a time when even the slightest hint of treason can lead to the gallows, how can Laurence find the true culprit without incriminating himself?  aEnglish Fiction958140 aEnglish Literature958141 2ddccBK c224632d224632 00102ddc40708GENaALbALd2022-09-19eBiblios Book Point, Surathkal, Mangalore575014g559.00l0o823.92 NATBp076079r2022-09-21 00:00:00v699.00w2022-09-21yBK